000 00320nam a2200133Ia 4500
008 240624s9999 xx 000 0 und d
041 _aeng
082 _a823 LUD
100 _aLUDLUM S ROBERT
245 _aARES DECISION
260 _c2012
_aLondon
_bOrion Books ltd.
300 _a420 : p. : cm. ; 18
365 _cRS
_b30
999 _c19710
_d19710